000 00459nam a2200169Ia 4500
003 GCL
008 140319s9999 xx 000 0 eng d
040 _aGCL /
_cGCL
082 0 4 _aCC
_b754.730932
_bM A
100 1 _aMENTEN, THEODORE
245 1 0 _aANCIENT EGYPTIAN CUT AND USE STENCILS /
_cMENTEN, THEODORE
260 _a[S.N] :
_bDOVER PUBLICATIONS,INC. ،
_c1978
300 _a50 P
650 0 4 _aANCIENT EGYPT
650 0 4 _aART- EGYPT
942 _2ddc
_cBK
999 _c21348
_d21348